Southville International School and Colleges
Your cart is empty.
  • Cart
  • Lists
    Public lists Eva Luna New books Lux_list list_1
    Your lists Log in to create your own lists
  • Log in to your account
  • Your cookies
  • Search history
Southville International School and Colleges
  • Advanced search
  • Recent comments
  • Most popular
  • Libraries

Log in to your account

Log in with GOOGLE


If you do not have an external account, but do have a local account, you can still log in:

  1. Home
  2. MARC view: Support system and self-entitlement of last-born college students coming from high-earning income families.
Normal view MARC view ISBD view

Support system and self-entitlement of last-born college students coming from high-earning income families. (Record no. 367221)

[ view plain ]
MARC details
000 -LEADER
fixed length control field 00858nam a22002057a 4500
003 - CONTROL NUMBER IDENTIFIER
control field 0
005 - DATE AND TIME OF LATEST TRANSACTION
control field 20250214112420.0
008 - FIXED-LENGTH DATA ELEMENTS--GENERAL INFORMATION
fixed length control field 250214b xxu||||| |||| 00| 0 eng d
050 ## - LIBRARY OF CONGRESS CALL NUMBER
Classification number BF 723.B5
Item number .J38 2024
100 ## - MAIN ENTRY--PERSONAL NAME
Personal name Javier, Darlene Keight S.
245 ## - TITLE STATEMENT
Title Support system and self-entitlement of last-born college students coming from high-earning income families.
Statement of responsibility, etc Darlene Keight S. Javier
260 ## - PUBLICATION, DISTRIBUTION, ETC. (IMPRINT)
Place of publication, distribution, etc Las Pinas City
Name of publisher, distributor, etc Southville International School and Colleges
Date of publication, distribution, etc 2024
300 ## - PHYSICAL DESCRIPTION
Extent x, 326 pages;
Dimensions 28cm.
500 ## - GENERAL NOTE
General note Bachelor of Science in Psychology.
504 ## - BIBLIOGRAPHY, ETC. NOTE
Bibliography, etc Includes bibliographical references and appendices.
650 ## - SUBJECT ADDED ENTRY--TOPICAL TERM
Topical term or geographic name as entry element Birth order—Psychological effects -- Last-born children.
650 ## - SUBJECT ADDED ENTRY--TOPICAL TERM
Topical term or geographic name as entry element Self-entitlement—Socioeconomic status, Influence.
650 ## - SUBJECT ADDED ENTRY--TOPICAL TERM
Topical term or geographic name as entry element Parental support—College students' development.
942 ## - ADDED ENTRY ELEMENTS (KOHA)
Source of classification or shelving scheme Library of Congress Classification
Koha item type Theses
Holdings
Withdrawn status Lost status Source of classification or shelving scheme Damaged status Home library Current library Shelving location Date acquired Source of acquisition Sub Shelving location Total Checkouts Full call number Barcode Date last seen Price effective from Koha item type
    Library of Congress Classification   College Library College Library Theses Section 02/14/2025 Donation     BF 723.B5 .J38 2024 T1422 02/14/2025 02/14/2025 Theses

Support system and self-entitlement of last-born college students coming from high-earning income families.

APA

Javier D. K. S., . (2024). Support system and self-entitlement of last-born college students coming from high-earning income families. Las Pinas City: Southville International School and Colleges.

Chicago

Javier Darlene Keight S, . 2024. Support system and self-entitlement of last-born college students coming from high-earning income families. Las Pinas City: Southville International School and Colleges.

Harvard

Javier D. K. S., . (2024). Support system and self-entitlement of last-born college students coming from high-earning income families. Las Pinas City: Southville International School and Colleges.

MLA

Javier Darlene Keight S, . Support system and self-entitlement of last-born college students coming from high-earning income families. Las Pinas City: Southville International School and Colleges. 2024.

  • Print
  • Cite
  • Add to your cart (remove)
  • Save record
    BIBTEX Dublin Core MARCXML MARC (non-Unicode/MARC-8) MARC (Unicode/UTF-8) MARC (Unicode/UTF-8, Standard) MODS (XML) RIS
  • More searches
    Search for this title in:
    Other Libraries (WorldCat) Other Databases (Google Scholar) Online Stores (Bookfinder.com) Open Library (openlibrary.org)

Exporting to Dublin Core...

SOUTHVILLE LIBRARY

Southville International School and Colleges Library

1281 Tropical Ave. Cor. Luxembourg St., BF Homes International, Las Pinas City

Tel. No. 8256374 / 252358 Loc. 117/146

Powered by Koha